000 00403nam a2200157Ia 4500
008 230917s9999||||xx |||||||||||||| ||und||
020 _cPOU19.95
040 _e4254
_aMAIN
041 _aEnglish
082 _a332.4566 H272A
100 _aHaseeb, Khair El-Din, ed
245 0 _aArab monetary integration: issues and prerequisites
260 _aLondon
_bCroom Helm
300 _a475 p.
942 _cBK
999 _c228769
_d228769